00712nam a2200241 a 4500001001300000003000900013005001700022008004100039020002300080082001600103100001900119245006800138260004000206300000900246500003500255505001000290650002200300700001900322902000800341942000700349952009700356999001700453nice12345678IN_TiNIC20260116014111.0050524s2003 geoa grp 000 0 eng  a1884543 c62100a269.2bPAR1 aParshall, Phil aMuslim Evangelism, Contemporary Approaches to Contextualization aGeorgiabGabriel Publicationsc2003 a307p aincludes index and biblioraphy2 aIndex aEvangelistic Work1 aParshall, Phil bSRC cBK 00114070aHMIbHMId2008-11-12g621.00l0o269.2 PAR1p020731r2008-11-12w2026-01-16yBK c13875d13875